000 00746cam a2200265 4500
008 090401t1996 xxu||||| |||| 00| 0 eng d
020 _a1860810934
035 _a(Sirsi) u61543
041 _aeng
050 _a693.5
100 _aBassi, R.
245 _aTesting anti-carbonation coatings for concrete.
260 _aGarston, Watford
_bBuilding Research Establishment
_c1996
300 _a6p. : ill. ; 30cm.
350 _a0
490 _aBRE Information Paper
_v7/96
650 _aANTI-CARBONATION COATINGS
650 _aCARBONATION
650 _aREINFORCED CONCRETE
690 _aBUILT ENVIRONMENT-BUILDING MATERIALS
700 _aDavies, H.
710 _aBuilding Research Establishment
942 _n0
948 _c04/03/1997
999 _c94321
_d94321